<?xml version="1.0" encoding="UTF-8"?>
<record
    xmlns:xsi="http://www.w3.org/2001/XMLSchema-instance"
    xsi:schemaLocation="http://www.loc.gov/MARC21/slim http://www.loc.gov/standards/marcxml/schema/MARC21slim.xsd"
    xmlns="http://www.loc.gov/MARC21/slim">

  <leader>01314nam a22003017a 4500</leader>
  <controlfield tag="003">SEM</controlfield>
  <datafield tag="999" ind1=" " ind2=" ">
    <subfield code="c">63522</subfield>
    <subfield code="d">63522</subfield>
  </datafield>
  <controlfield tag="001">000240773</controlfield>
  <controlfield tag="005">20220608072936.0</controlfield>
  <controlfield tag="008">211209s2003    ai ||||gr|||||001|0 arm|d</controlfield>
  <datafield tag="020" ind1=" " ind2=" ">
    <subfield code="a">9993076430</subfield>
  </datafield>
  <datafield tag="040" ind1=" " ind2=" ">
    <subfield code="c">SEM</subfield>
    <subfield code="a">SEM</subfield>
  </datafield>
  <datafield tag="041" ind1=" " ind2=" ">
    <subfield code="a">arm</subfield>
  </datafield>
  <datafield tag="080" ind1=" " ind2=" ">
    <subfield code="a">34(4)/&#x537;-14	</subfield>
  </datafield>
  <datafield tag="100" ind1="1" ind2=" ">
    <subfield code="a">&#x537;&#x563;&#x563;&#x565;,  &#x532;&#x575;&#x578;&#x580;&#x576;</subfield>
  </datafield>
  <datafield tag="245" ind1="1" ind2="0">
    <subfield code="a">&#x556;&#x580;&#x56B;&#x57F;&#x575;&#x578;&#x586; &#x546;&#x561;&#x576;&#x57D;&#x565;&#x576;&#x56B; &#x57A;&#x561;&#x575;&#x584;&#x561;&#x580;&#x568; &#x570;&#x561;&#x576;&#x578;&#x582;&#x576; &#x574;&#x561;&#x580;&#x564;&#x578;&#x582; &#x56B;&#x580;&#x561;&#x57E;&#x578;&#x582;&#x576;&#x584;&#x576;&#x565;&#x580;&#x56B; &#x587; &#x574;&#x561;&#x580;&#x564;&#x56F;&#x561;&#x575;&#x56B;&#x576; &#x561;&#x580;&#x56A;&#x561;&#x576;&#x561;&#x57A;&#x561;&#x57F;&#x57E;&#x578;&#x582;&#x569;&#x575;&#x561;&#x576; /</subfield>
    <subfield code="c">&#x532;. &#x537;&#x563;&#x563;&#x565; ; &#x53D;&#x574;&#x562;.&#x55D; &#x53C;. &#x532;&#x561;&#x580;&#x57D;&#x565;&#x572;&#x575;&#x561;&#x576;</subfield>
  </datafield>
  <datafield tag="246" ind1="1" ind2="1">
    <subfield code="a">Fridtjof Nansens kamp for menneskerettigheter og menneskeverd /</subfield>
  </datafield>
  <datafield tag="260" ind1=" " ind2=" ">
    <subfield code="a">&#x535;&#x580;&#x587;&#x561;&#x576; :</subfield>
    <subfield code="b">&#x561;. &#x570;.,</subfield>
    <subfield code="c">2003.</subfield>
  </datafield>
  <datafield tag="300" ind1=" " ind2=" ">
    <subfield code="a">25 &#x567;&#x57B; :</subfield>
    <subfield code="b">&#x56C;&#x578;&#x582;&#x57D;&#x561;&#x576;&#x56F;.;</subfield>
    <subfield code="c">19 &#x57D;&#x574;</subfield>
  </datafield>
  <datafield tag="600" ind1="1" ind2="7">
    <subfield code="a">&#x546;&#x561;&#x576;&#x57D;&#x565;&#x576; &#x556;&#x580;&#x56B;&#x57F;&#x575;&#x578;&#x586;</subfield>
    <subfield code="d">(1861-1930)</subfield>
  </datafield>
  <datafield tag="650" ind1=" " ind2=" ">
    <subfield code="a">&#x540;&#x578;&#x582;&#x574;&#x561;&#x576;&#x56B;&#x566;&#x574;</subfield>
    <subfield code="x">&#x574;&#x561;&#x580;&#x564;&#x578;&#x582; &#x56B;&#x580;&#x561;&#x57E;&#x578;&#x582;&#x576;&#x584;&#x576;&#x565;&#x580;</subfield>
  </datafield>
  <datafield tag="650" ind1=" " ind2=" ">
    <subfield code="a">&#x534;&#x56B;&#x57E;&#x561;&#x576;&#x561;&#x563;&#x56B;&#x57F;&#x578;&#x582;&#x569;&#x575;&#x578;&#x582;&#x576;</subfield>
    <subfield code="x">&#x574;&#x561;&#x580;&#x564;&#x578;&#x582; &#x56B;&#x580;&#x561;&#x57E;&#x578;&#x582;&#x576;&#x584;&#x576;&#x565;&#x580;</subfield>
  </datafield>
  <datafield tag="653" ind1=" " ind2=" ">
    <subfield code="a">&#x54D;&#x537;&#x544;</subfield>
  </datafield>
  <datafield tag="700" ind1=" " ind2=" ">
    <subfield code="a">&#x532;&#x561;&#x580;&#x57D;&#x565;&#x572;&#x575;&#x561;&#x576; &#x53C;&#x561;&#x57E;&#x580;&#x565;&#x576;&#x57F;&#x56B;</subfield>
    <subfield code="e">&#x56D;&#x574;&#x562;.</subfield>
    <subfield code="4">edt.</subfield>
  </datafield>
  <datafield tag="710" ind1="2" ind2=" ">
    <subfield code="a">&#x540;&#x561;&#x575;&#x561;&#x57D;&#x57F;&#x561;&#x576;&#x56B; &#x563;&#x56B;&#x57F;&#x578;&#x582;&#x569;&#x575;&#x578;&#x582;&#x576;&#x576;&#x565;&#x580;&#x56B; &#x561;&#x566;&#x563;&#x561;&#x575;&#x56B;&#x576; &#x561;&#x56F;&#x561;&#x564;&#x565;&#x574;&#x56B;&#x561;</subfield>
  </datafield>
  <datafield tag="710" ind1=" " ind2=" ">
    <subfield code="a">&#x540;&#x561;&#x575;&#x578;&#x581; &#x581;&#x565;&#x572;&#x561;&#x57D;&#x57A;&#x561;&#x576;&#x578;&#x582;&#x569;&#x575;&#x561;&#x576; &#x569;&#x561;&#x576;&#x563;&#x561;&#x580;&#x561;&#x576;-&#x56B;&#x576;&#x57D;&#x57F;&#x56B;&#x57F;&#x578;&#x582;&#x57F;</subfield>
  </datafield>
  <datafield tag="710" ind1=" " ind2=" ">
    <subfield code="a">&#x556;&#x580;&#x56B;&#x57F;&#x575;&#x578;&#x586; &#x546;&#x561;&#x576;&#x57D;&#x565;&#x576;&#x56B; &#x574;&#x56B;&#x57B;&#x561;&#x566;&#x563;&#x561;&#x575;&#x56B;&#x576; &#x570;&#x56B;&#x574;&#x576;&#x561;&#x564;&#x580;&#x561;&#x574;</subfield>
  </datafield>
  <datafield tag="942" ind1=" " ind2=" ">
    <subfield code="2">udc</subfield>
    <subfield code="c">BK</subfield>
  </datafield>
  <datafield tag="952" ind1=" " ind2=" ">
    <subfield code="0">0</subfield>
    <subfield code="1">0</subfield>
    <subfield code="2">udc</subfield>
    <subfield code="4">0</subfield>
    <subfield code="7">0</subfield>
    <subfield code="8">&#x533;&#x580;&#x561;&#x57A;&#x561;&#x570;&#x578;&#x581;</subfield>
    <subfield code="a">SEM</subfield>
    <subfield code="b">SEM</subfield>
    <subfield code="d">2015-07-21</subfield>
    <subfield code="i">11491</subfield>
    <subfield code="l">0</subfield>
    <subfield code="o">34(4)/&#x537;-14</subfield>
    <subfield code="p">11491</subfield>
    <subfield code="r">2015-07-21</subfield>
    <subfield code="w">2015-07-21</subfield>
    <subfield code="y">BK</subfield>
    <subfield code="z">&#x54D;&#x57A;&#x561;&#x57D;&#x561;&#x580;&#x56F;&#x57E;&#x578;&#x582;&#x574; &#x567; &#x568;&#x576;&#x569;&#x565;&#x580;&#x581;&#x561;&#x57D;&#x580;&#x561;&#x570;</subfield>
  </datafield>
  <datafield tag="952" ind1=" " ind2=" ">
    <subfield code="0">0</subfield>
    <subfield code="1">0</subfield>
    <subfield code="2">udc</subfield>
    <subfield code="4">0</subfield>
    <subfield code="7">0</subfield>
    <subfield code="8">&#x533;&#x580;&#x561;&#x57A;&#x561;&#x570;&#x578;&#x581;</subfield>
    <subfield code="a">SEM</subfield>
    <subfield code="b">SEM</subfield>
    <subfield code="d">2015-07-21</subfield>
    <subfield code="i">11492</subfield>
    <subfield code="l">0</subfield>
    <subfield code="o">34(4)/&#x537;-14</subfield>
    <subfield code="p">11492</subfield>
    <subfield code="r">2015-07-21</subfield>
    <subfield code="w">2015-07-21</subfield>
    <subfield code="y">BK</subfield>
    <subfield code="z">&#x54D;&#x57A;&#x561;&#x57D;&#x561;&#x580;&#x56F;&#x57E;&#x578;&#x582;&#x574; &#x567; 30 &#x585;&#x580;</subfield>
  </datafield>
  <datafield tag="952" ind1=" " ind2=" ">
    <subfield code="0">0</subfield>
    <subfield code="1">0</subfield>
    <subfield code="2">udc</subfield>
    <subfield code="4">0</subfield>
    <subfield code="7">0</subfield>
    <subfield code="8">&#x533;&#x580;&#x561;&#x57A;&#x561;&#x570;&#x578;&#x581;</subfield>
    <subfield code="a">SEM</subfield>
    <subfield code="b">SEM</subfield>
    <subfield code="d">2015-07-21</subfield>
    <subfield code="i">11493</subfield>
    <subfield code="l">0</subfield>
    <subfield code="o">34(4)/&#x537;-14</subfield>
    <subfield code="p">11493</subfield>
    <subfield code="r">2015-07-21</subfield>
    <subfield code="w">2015-07-21</subfield>
    <subfield code="y">BK</subfield>
    <subfield code="z">&#x54D;&#x57A;&#x561;&#x57D;&#x561;&#x580;&#x56F;&#x57E;&#x578;&#x582;&#x574; &#x567; 30 &#x585;&#x580;</subfield>
  </datafield>
  <datafield tag="952" ind1=" " ind2=" ">
    <subfield code="0">0</subfield>
    <subfield code="1">0</subfield>
    <subfield code="2">udc</subfield>
    <subfield code="4">0</subfield>
    <subfield code="7">0</subfield>
    <subfield code="8">&#x533;&#x580;&#x561;&#x57A;&#x561;&#x570;&#x578;&#x581;</subfield>
    <subfield code="a">SEM</subfield>
    <subfield code="b">SEM</subfield>
    <subfield code="d">2015-07-21</subfield>
    <subfield code="i">11494</subfield>
    <subfield code="l">1</subfield>
    <subfield code="o">34(4)/&#x537;-14</subfield>
    <subfield code="p">11494</subfield>
    <subfield code="r">2016-12-05</subfield>
    <subfield code="s">2016-11-28</subfield>
    <subfield code="w">2015-07-21</subfield>
    <subfield code="y">BK</subfield>
    <subfield code="z">&#x54D;&#x57A;&#x561;&#x57D;&#x561;&#x580;&#x56F;&#x57E;&#x578;&#x582;&#x574; &#x567; 30 &#x585;&#x580;</subfield>
  </datafield>
  <datafield tag="952" ind1=" " ind2=" ">
    <subfield code="0">0</subfield>
    <subfield code="1">0</subfield>
    <subfield code="2">udc</subfield>
    <subfield code="4">0</subfield>
    <subfield code="7">0</subfield>
    <subfield code="8">&#x533;&#x580;&#x561;&#x57A;&#x561;&#x570;&#x578;&#x581;</subfield>
    <subfield code="a">SEM</subfield>
    <subfield code="b">SEM</subfield>
    <subfield code="d">2015-07-21</subfield>
    <subfield code="i">24884</subfield>
    <subfield code="l">0</subfield>
    <subfield code="o">34(4)/&#x537;-14</subfield>
    <subfield code="p">24884</subfield>
    <subfield code="r">2015-07-21</subfield>
    <subfield code="w">2015-07-21</subfield>
    <subfield code="y">BK</subfield>
    <subfield code="z">&#x54D;&#x57A;&#x561;&#x57D;&#x561;&#x580;&#x56F;&#x57E;&#x578;&#x582;&#x574; &#x567; 30 &#x585;&#x580;</subfield>
  </datafield>
  <datafield tag="952" ind1=" " ind2=" ">
    <subfield code="0">0</subfield>
    <subfield code="1">0</subfield>
    <subfield code="2">udc</subfield>
    <subfield code="4">0</subfield>
    <subfield code="7">0</subfield>
    <subfield code="8">&#x533;&#x580;&#x561;&#x57A;&#x561;&#x570;&#x578;&#x581;</subfield>
    <subfield code="a">SEM</subfield>
    <subfield code="b">SEM</subfield>
    <subfield code="d">2015-07-21</subfield>
    <subfield code="i">24885</subfield>
    <subfield code="l">0</subfield>
    <subfield code="o">34(4)/&#x537;-14</subfield>
    <subfield code="p">24885</subfield>
    <subfield code="r">2015-07-21</subfield>
    <subfield code="w">2015-07-21</subfield>
    <subfield code="y">BK</subfield>
    <subfield code="z">&#x54D;&#x57A;&#x561;&#x57D;&#x561;&#x580;&#x56F;&#x57E;&#x578;&#x582;&#x574; &#x567; 30 &#x585;&#x580;</subfield>
  </datafield>
  <datafield tag="952" ind1=" " ind2=" ">
    <subfield code="0">0</subfield>
    <subfield code="1">0</subfield>
    <subfield code="2">udc</subfield>
    <subfield code="4">0</subfield>
    <subfield code="7">0</subfield>
    <subfield code="8">&#x533;&#x580;&#x561;&#x57A;&#x561;&#x570;&#x578;&#x581;</subfield>
    <subfield code="a">SEM</subfield>
    <subfield code="b">SEM</subfield>
    <subfield code="d">2015-07-21</subfield>
    <subfield code="i">24886</subfield>
    <subfield code="l">0</subfield>
    <subfield code="o">34(4)/&#x537;-14</subfield>
    <subfield code="p">24886</subfield>
    <subfield code="r">2015-07-21</subfield>
    <subfield code="w">2015-07-21</subfield>
    <subfield code="y">BK</subfield>
    <subfield code="z">&#x54D;&#x57A;&#x561;&#x57D;&#x561;&#x580;&#x56F;&#x57E;&#x578;&#x582;&#x574; &#x567; 30 &#x585;&#x580;</subfield>
  </datafield>
  <datafield tag="952" ind1=" " ind2=" ">
    <subfield code="0">0</subfield>
    <subfield code="1">0</subfield>
    <subfield code="2">udc</subfield>
    <subfield code="4">0</subfield>
    <subfield code="7">0</subfield>
    <subfield code="8">&#x533;&#x580;&#x561;&#x57A;&#x561;&#x570;&#x578;&#x581;</subfield>
    <subfield code="a">SEM</subfield>
    <subfield code="b">SEM</subfield>
    <subfield code="d">2015-07-21</subfield>
    <subfield code="i">24887</subfield>
    <subfield code="l">0</subfield>
    <subfield code="o">34(4)/&#x537;-14</subfield>
    <subfield code="p">24887</subfield>
    <subfield code="r">2015-07-21</subfield>
    <subfield code="w">2015-07-21</subfield>
    <subfield code="y">BK</subfield>
    <subfield code="z">&#x54D;&#x57A;&#x561;&#x57D;&#x561;&#x580;&#x56F;&#x57E;&#x578;&#x582;&#x574; &#x567; 30 &#x585;&#x580;</subfield>
  </datafield>
  <datafield tag="952" ind1=" " ind2=" ">
    <subfield code="0">0</subfield>
    <subfield code="1">0</subfield>
    <subfield code="2">udc</subfield>
    <subfield code="4">0</subfield>
    <subfield code="7">0</subfield>
    <subfield code="8">&#x533;&#x580;&#x561;&#x57A;&#x561;&#x570;&#x578;&#x581;</subfield>
    <subfield code="a">SEM</subfield>
    <subfield code="b">SEM</subfield>
    <subfield code="d">2015-07-21</subfield>
    <subfield code="i">24888</subfield>
    <subfield code="l">0</subfield>
    <subfield code="o">34(4)/&#x537;-14</subfield>
    <subfield code="p">24888</subfield>
    <subfield code="r">2015-07-21</subfield>
    <subfield code="w">2015-07-21</subfield>
    <subfield code="y">BK</subfield>
    <subfield code="z">&#x54D;&#x57A;&#x561;&#x57D;&#x561;&#x580;&#x56F;&#x57E;&#x578;&#x582;&#x574; &#x567; 30 &#x585;&#x580;</subfield>
  </datafield>
  <datafield tag="952" ind1=" " ind2=" ">
    <subfield code="0">0</subfield>
    <subfield code="1">0</subfield>
    <subfield code="2">udc</subfield>
    <subfield code="4">0</subfield>
    <subfield code="7">0</subfield>
    <subfield code="8">&#x533;&#x580;&#x561;&#x57A;&#x561;&#x570;&#x578;&#x581;</subfield>
    <subfield code="a">SEM</subfield>
    <subfield code="b">SEM</subfield>
    <subfield code="d">2015-07-21</subfield>
    <subfield code="i">24889</subfield>
    <subfield code="l">0</subfield>
    <subfield code="o">34(4)/&#x537;-14</subfield>
    <subfield code="p">24889</subfield>
    <subfield code="r">2015-07-21</subfield>
    <subfield code="w">2015-07-21</subfield>
    <subfield code="y">BK</subfield>
    <subfield code="z">&#x54D;&#x57A;&#x561;&#x57D;&#x561;&#x580;&#x56F;&#x57E;&#x578;&#x582;&#x574; &#x567; 30 &#x585;&#x580;</subfield>
  </datafield>
  <datafield tag="952" ind1=" " ind2=" ">
    <subfield code="0">0</subfield>
    <subfield code="1">0</subfield>
    <subfield code="2">udc</subfield>
    <subfield code="4">0</subfield>
    <subfield code="7">0</subfield>
    <subfield code="8">&#x533;&#x580;&#x561;&#x57A;&#x561;&#x570;&#x578;&#x581;</subfield>
    <subfield code="a">SEM</subfield>
    <subfield code="b">SEM</subfield>
    <subfield code="d">2021-12-09</subfield>
    <subfield code="g">600.00</subfield>
    <subfield code="i">33309</subfield>
    <subfield code="l">0</subfield>
    <subfield code="o">34(4)/&#x537;-14</subfield>
    <subfield code="p">33309</subfield>
    <subfield code="r">2021-12-09</subfield>
    <subfield code="w">2022-06-08</subfield>
    <subfield code="y">BK</subfield>
    <subfield code="z">&#x54D;&#x57A;&#x561;&#x57D;&#x561;&#x580;&#x56F;&#x57E;&#x578;&#x582;&#x574; &#x567; 30 &#x585;&#x580;</subfield>
  </datafield>
</record>
